Principios de una teoría del estado (Registro nro. 6987)

Detalles MARC
000 -LEADER
fixed length control field 01140 a2200217 4500
001 - CONTROL NUMBER
control field 60434
005 - DATE AND TIME OF LATEST TRANSACTION
control field 20260407155855.0
008 - FIXED-LENGTH DATA ELEMENTS--GENERAL INFORMATION
fixed length control field 260407a2005 arg spa d
003 - CONTROL NUMBER IDENTIFIER
control field AR-UNSa-BCEJYS
040 ## - CATALOGING SOURCE
Original cataloging agency AR-UNSa-BCEJYS
Language of cataloging spa
Transcribing agency AR-UNSa-BCEJYS
080 ## - UNIVERSAL DECIMAL CLASSIFICATION NUMBER
Universal Decimal Classification number 321.01
Common auxiliary subdivision Teoría general del Estado. Teoría y filosofía del poder. Estado y territorio. Autoridad y oposición. Usurpación (Filosofía política)
020 ## - INTERNATIONAL STANDARD BOOK NUMBER
International Standard Book Number 978-950-23-1284-2
041 ## - LANGUAGE CODE
Language code of text/sound track or separate title spa
100 1# - MAIN ENTRY--PERSONAL NAME
Personal name Gatty, Jean
245 10 - TITLE STATEMENT
Title Principios de una teoría del estado
264 #1 - PRODUCTION, PUBLICATION, DISTRIBUTION, MANUFACTURE, AND COPYRIGHT NOTICE
Place of production, publication, distribution, manufacture Buenos Aires :
Name of producer, publisher, distributor, manufacturer EUDEBA (Editorial Universitaria de Buenos Aires)
Date of production, publication, distribution, manufacture, or copyright notice 2005
300 ## - PHYSICAL DESCRIPTION
Extent 166 p.
Dimensions 21 cm.
505 ## - FORMATTED CONTENTS NOTE
Formatted contents note 1. Definiciones - 2. La eficacia de la libertad – 3. El mejor de los mundos posibles – 4. Hombre y homo oeconomicus – 5. Lo político y lo económico – 6. Interferencias estratégicas – 7. El problema de las elecciones colectivas – 8. Sobre el valor de las leyes – 9. La tentación de la economía administrada – 10. La ambigüedad del cálculo económico – 11. ¿Qué es la competencia?-
590 ## - LOCAL NOTE (RLIN)
Local note niveau_biblio:m niveau_hierar:0
942 ## - ADDED ENTRY ELEMENTS (KOHA)
Koha item type
Existencias
Withdrawn status Lost status Damaged status Not for loan Home library Current library Shelving location Date acquired Total checkouts Full call number Barcode Date last seen Price effective from Koha item type Public note
        Biblioteca Prof. Eusebio Cleto del Rey Biblioteca Prof. Eusebio Cleto del Rey   07/04/2026   321.01 G262 L129176 07/04/2026 07/04/2026 Libro RESALTADOR PÁG 9,11,15,17 - LÁPIZ PÁG 10,11,17 - ÚLTIMA HOJA DESPEGADA -